|
|
|
|
| LEADER |
00572cam a2200169 7i4500 |
| 001 |
0000032033 |
| 005 |
20150520090000.0 |
| 020 |
0 |
0 |
|a 9781107654167
|
| 090 |
0 |
0 |
|a B 337
|b BEU
|
| 100 |
1 |
0 |
|a Beugelsdijk, Sjoerd
|
| 245 |
1 |
0 |
|a International economics and business :
|b nations and firms in the global economy.
|
| 250 |
0 |
0 |
|a Second edition.
|
| 260 |
0 |
0 |
|a Cambridge:
|b Cambridge University Press,
|c 2013.
|
| 300 |
# |
# |
|a 475 pages.
|
| 650 |
0 |
0 |
|a International economic relations
|
| 650 |
0 |
0 |
|a International business enterprises
|
| 999 |
|
|
|a B000035750
|b Book
|c Statistics
|e Business Information Centre
|